Magnetic resonance imaging : (Record no. 29264)

000 -LEADER
fixed length control field 00638 a2200193 4500
020 ## - INTERNATIONAL STANDARD BOOK NUMBER
International Standard Book Number 0124291503
020 ## - INTERNATIONAL STANDARD BOOK NUMBER
International Standard Book Number 9780124291508
082 04 - DEWEY DECIMAL CLASSIFICATION NUMBER
Classification number 538.36
090 ## - LOCALLY ASSIGNED LC-TYPE CALL NUMBER (OCLC); LOCAL CALL NUMBER (RLIN)
-- 634
-- 634
100 1# - MAIN ENTRY--PERSONAL NAME
Personal name Kuperman, Vadim.
245 10 - TITLE STATEMENT
Title Magnetic resonance imaging :
Remainder of title physical principles and applications /
Statement of responsibility, etc. Vadim Kuperman.
250 ## - EDITION STATEMENT
Edition statement 1st ed.
260 ## - PUBLICATION, DISTRIBUTION, ETC.
Place of publication, distribution, etc. [S.l.] :
Name of publisher, distributor, etc. Academic Press,
Date of publication, distribution, etc. 2000.
300 ## - PHYSICAL DESCRIPTION
Extent 182 p. ;
Dimensions 24 cm.
490 1# - SERIES STATEMENT
Series statement Electromagnetism.
830 #0 - SERIES ADDED ENTRY--UNIFORM TITLE
Uniform title Electromagnetism.
942 ## - ADDED ENTRY ELEMENTS (KOHA)
Institution code [OBSOLETE] SNS
Koha item type Book
Call number prefix 538.36 KUP
Holdings
Withdrawn status Lost status Damaged status Not for loan Permanent Location Current Location Date acquired Total Checkouts Full call number Barcode Date last seen Price effective from Koha item type
        School of Natural Sciences (SNS) School of Natural Sciences (SNS) 05/26/2016   538.36 KUP SNS0000785 05/26/2016 05/26/2016 Book
© 2023 Central Library, National University of Sciences and Technology. All Rights Reserved.